Հայկական ՍՍՌ գրադարանների աշխատանքի փորձից ։ (Հոդվածների ժողովածու) / (Record no. 10061)
[ view plain ]
| 000 -LEADER | |
|---|---|
| fixed length control field | 00969nam a2200193 a 4500 |
| 001 - CONTROL NUMBER | |
| control field | 000024802 |
| 003 - CONTROL NUMBER IDENTIFIER | |
| control field | AM-YEHGA |
| 005 - DATE AND TIME OF LATEST TRANSACTION | |
| control field | 20250618070852.0 |
| 008 - FIXED-LENGTH DATA ELEMENTS--GENERAL INFORMATION | |
| fixed length control field | 001022s1959 ai |||||||||||||||||arm d |
| 040 ## - CATALOGING SOURCE | |
| Original cataloging agency | AM-YeHGA |
| 041 0# - LANGUAGE CODE | |
| Language code of text/sound track or separate title | arm |
| 090 ## - LOCALLY ASSIGNED LC-TYPE CALL NUMBER (OCLC); LOCAL CALL NUMBER (RLIN) | |
| -- | 10134 |
| 245 00 - TITLE STATEMENT | |
| Title | Հայկական ՍՍՌ գրադարանների աշխատանքի փորձից ։ (Հոդվածների ժողովածու) / |
| Remainder of title | (Հոդվածների ժողովածու) / |
| Statement of responsibility, etc. | Հայկական ՍՍՌ. Ալ.Մյասնիկյանի անվան պետական ռեսպուբլիկական գրադարան. Գրադարանագիտության մեթոդական բաժին. |
| 260 ## - PUBLICATION, DISTRIBUTION, ETC. | |
| Place of publication, distribution, etc. | Երևան : |
| Name of publisher, distributor, etc. | Ա.հ., |
| Date of publication, distribution, etc. | 1959. |
| 300 ## - PHYSICAL DESCRIPTION | |
| Extent | 63 էջ |
| 650 14 - SUBJECT ADDED ENTRY--TOPICAL TERM | |
| Topical term or geographic name entry element | Գրադարանային գործ |
| 9 (RLIN) | 246 |
| 710 2# - ADDED ENTRY--CORPORATE NAME | |
| Corporate name or jurisdiction name as entry element | Պետական ռեսպուբլիկական գրադարան ՀՍՍՌ Ալ. Մյասնիկյանի անվան |
| Subordinate unit | Գրադարանագիտական մեթոդական բաժին |
| 942 ## - ADDED ENTRY ELEMENTS (KOHA) | |
| Source of classification or shelving scheme | Universal Decimal Classification |
| Koha item type | Գրքեր / Books |
| Withdrawn status | Lost status | Damaged status | Not for loan | Collection | Home library | Current library | Date acquired | Total checkouts | Full call number | Barcode | Date last seen | Cost, replacement price | Price effective from | Koha item type | Public note |
|---|---|---|---|---|---|---|---|---|---|---|---|---|---|---|---|
| General | Fundamental Scientific Library | Fundamental Scientific Library | 21/12/2016 | AII/3208 | FL0027105 | 21/12/2016 | 1.00 | 21/12/2016 | Գրքեր / Books | 30 Days Loan | |||||
| General | Fundamental Scientific Library | Fundamental Scientific Library | 21/12/2016 | AII/3209 | FL0027106 | 21/12/2016 | 1.00 | 21/12/2016 | Գրքեր / Books | 30 Days Loan | |||||
| General | Fundamental Scientific Library | Fundamental Scientific Library | 21/12/2016 | AII/3210 | FL0027107 | 21/12/2016 | 1.00 | 21/12/2016 | Գրքեր / Books | 30 Days Loan | |||||
| General | Fundamental Scientific Library | Fundamental Scientific Library | 21/12/2016 | AII/8886 | FL0017955 | 21/12/2016 | 1.00 | 21/12/2016 | Գրքեր / Books | 30 Days Loan |
ՀՀ Գիտությունների ազգային ակադեմիայի հիմնարար գիտական գրադարան = Fundamental Scientific Library of NAS RA
All site content, except where otherwise noted, is licensed under a